Sudden Death - Länder mit Königen 👑 - Statistiken

Allgemein
  • Dieses Quiz wurde 1.310 mal gespielt
  • Das Durchschnittsergebnis liegt bei 6 aus 18
Answers on the Grid
Answers color-coded by a green-red scale on the quiz's grid according to % correct below.
Vereinigtes Königreich🇬🇧
Schweden🇸🇪
Norwegen🇳🇴
Dänemark🇩🇰
Spanien🇪🇸
Niederlande🇳🇱
Belgien🇧🇪
Saudi-Arabien🇸🇦
Marokko🇲🇦
Jordanien🇯🇴
Thailand🇹🇭
Kambodscha🇰🇭
Bhutan🇧🇹
Vanuatu🇻🇺
Tonga🇹🇴
Eswatini🇸🇿
Lesotho🇱🇸
Sambia🇿🇲
Liechtenstein🇱🇮
Monaco🇲🇨
Luxemburg🇱🇺
Vietnam🇻🇳
Ägypten🇪🇬
Tunesien🇹🇳
Algerien🇩🇿
Mauretanien🇲🇷
Palau🇵🇼
Israel🇮🇱
Suriname🇸🇷
Sudan🇸🇩
Togo🇹🇬
Finnland🇫🇮
Island🇮🇸
Frankreich🇫🇷
Iran🇮🇷
Malaysia🇲🇾
 
Antwortstatistiken
Antwort % Korrekt
Vereinigtes Königreich🇬🇧
67%
Spanien🇪🇸
61%
Schweden🇸🇪
58%
Dänemark🇩🇰
57%
Niederlande🇳🇱
53%
Norwegen🇳🇴
52%
Belgien🇧🇪
45%
Thailand🇹🇭
36%
Saudi-Arabien🇸🇦
28%
Jordanien🇯🇴
26%
Marokko🇲🇦
23%
Bhutan🇧🇹
16%
Eswatini🇸🇿
11%
Tonga🇹🇴
11%
Lesotho🇱🇸
9%
Kambodscha🇰🇭
7%
Vanuatu🇻🇺
6%
Sambia🇿🇲
3%
Keine übereinstimmenden Quizze gefunden
Verteilung der Resultate
Anzahl Personen mit jedem Resultat
Perzentil nach korrekt beantworteten Fragen
Ihre Resultats-Entwicklung
Sie haben dieses Quiz noch nicht gespielt